| 000 | 00582nam a2200193Ia 4500 | ||
|---|---|---|---|
| 003 | GCL | ||
| 008 | 140319s9999 xx 000 0 ara d | ||
| 040 |
_aGCL / _cGCL |
||
| 082 | 0 | 4 |
_a225.4 _bت ب |
| 100 | 1 | _aتمام حسان | |
| 245 | 1 | 0 |
_aالبيان فى روائع القران دراسة لغوية واسلوبية للنص القرانى / _cتمام حسان |
| 260 |
_a[S.N] : _bعالم الكتب الحديث ، _c1993 |
||
| 300 | _a607 ص | ||
| 490 | _a | ||
| 650 | 0 | 4 | _aالاسلام |
| 650 | 0 | 4 | _aالبلاغة |
| 650 | 0 | 4 | _aالقران |
| 942 |
_2ddc _cBK |
||
| 999 |
_c32425 _d32425 |
||